Influencia del curso-taller introductorio de desarrollo humano en la formación de los estudiantes de licenciatura en enfermería : un estudio de caso /
Zapisane w:
| 1. autor: | |
|---|---|
| Format: | Praca dyplomowa Książka |
| Język: | hiszpański |
| Hasła przedmiotowe: | |
| Etykiety: |
Nie ma etykietki, Dołącz pierwszą etykiete!
|
MARC
| LEADER | 00000nam^a2200000^a^4500 | ||
|---|---|---|---|
| 001 | 000183523 | ||
| 005 | 20250521000000.0 | ||
| 009 | 20260310102044.649 | ||
| 037 | |a Acervo ITESO - Biblioteca | ||
| 041 | |a ESP | ||
| 090 | |a MDH. 47 | ||
| 100 | |a Castellanos Díaz, Rubí Eunice |e (autor) | ||
| 245 | 1 | 0 | |a Influencia del curso-taller introductorio de desarrollo humano en la formación de los estudiantes de licenciatura en enfermería : |b un estudio de caso / |c R.E. Castellanos Díaz. |
| 264 | |a Guadalajara, México : |b edición de autor, |c 2005 | ||
| 300 | |a 1 disco compacto de computadora | ||
| 336 | |a datos para computadora |b cod |2 rdacontenido | ||
| 337 | |a computadora |b c |2 rdamedio | ||
| 338 | |a disco de computadora |b cd |2 rdasoporte | ||
| 502 | |a ITESO Tesis de Maestría en Desarrollo Humano | ||
| 649 | |a XX | ||
| 650 | |a Alumnos | ||
| 650 | |a Comunicación Personal | ||
| 650 | |a Autoestima | ||
| 650 | |a Desarrollo Humano - |x Estudio y Enseñanza | ||
| 650 | |a Aprendizaje Significativo | ||
| 650 | |a Competencias (Educación) | ||
| 650 | |a Etnografía | ||
| 650 | |a Evaluación del Currículo | ||
| 650 | |a Currículo | ||
| 650 | |a Enfermería - |x Estudio y Enseñanza | ||
| 650 | |a Ciencias Médicas - |x Estudio y Enseñanza | ||
| 910 | |a Fondo General | ||
| 920 | |a Electrónicos - Tesis del ITESO en Disco | ||
| 905 | |a 202 | ||
| 901 | |a 0500124174 |b IT2 |c STS |u 20250521 | ||
| 902 | |a https://opac.biblio.iteso.mx/vufind/Record/000183523 | ||